GPS based vehicle tracking system(GVTS) / (Record no. 4264)
[ view plain ]
| 000 -LEADER | |
|---|---|
| fixed length control field | 00848nam a2200277 ar4500 |
| 001 - CONTROL NUMBER | |
| control field | 4266 |
| 005 - DATE AND TIME OF LATEST TRANSACTION | |
| control field | 20221127090909.0 |
| 006 - FIXED-LENGTH DATA ELEMENTS--ADDITIONAL MATERIAL CHARACTERISTICS | |
| fixed length control field | a a 000 0 |
| 008 - FIXED-LENGTH DATA ELEMENTS--GENERAL INFORMATION | |
| fixed length control field | 150616 su a | 000 0 eng d |
| 090 ## - LOCALLY ASSIGNED LC-TYPE CALL NUMBER (OCLC); LOCAL CALL NUMBER (RLIN) | |
| Classification number (OCLC) (R) ; Classification number, CALL (RLIN) (NR) | SP-G |
| 100 1# - MAIN ENTRY--PERSONAL NAME | |
| Personal name | Al Harthi, Raje. |
| 245 10 - TITLE STATEMENT | |
| Title | GPS based vehicle tracking system(GVTS) / |
| Statement of responsibility, etc. | by Raje AL Harthi. |
| 246 1# - VARYING FORM OF TITLE | |
| Title proper/short title | Global positioning system based vehicle tracking system. |
| 246 1# - VARYING FORM OF TITLE | |
| Title proper/short title | Goods Vechile Test Station. |
| 260 ## - PUBLICATION, DISTRIBUTION, ETC. | |
| Date of publication, distribution, etc. | 2015. |
| 300 ## - PHYSICAL DESCRIPTION | |
| Extent | 48 leaves : |
| Other physical details | col. ill. ; |
| Dimensions | 30 cm. |
| 500 ## - GENERAL NOTE | |
| General note | Supervisor: Dr Raed Amin Shatnawi. |
| 504 ## - BIBLIOGRAPHY, ETC. NOTE | |
| Bibliography, etc. note | Includes bibl. references. |
| 526 ## - STUDY PROGRAM INFORMATION NOTE | |
| Program name | Student project. |
| 563 ## - BINDING INFORMATION | |
| Binding note | Hard bound. |
| 650 #4 - SUBJECT ADDED ENTRY--TOPICAL TERM | |
| Topical term or geographic name entry element | Traffic accidents. |
| 650 #4 - SUBJECT ADDED ENTRY--TOPICAL TERM | |
| Topical term or geographic name entry element | Motor vehicles |
| General subdivision | Safety measures. |
| 650 #4 - SUBJECT ADDED ENTRY--TOPICAL TERM | |
| Topical term or geographic name entry element | Traffic monitoring. |
| 650 #4 - SUBJECT ADDED ENTRY--TOPICAL TERM | |
| Topical term or geographic name entry element | Vehicle detectors. |
| 650 #4 - SUBJECT ADDED ENTRY--TOPICAL TERM | |
| Topical term or geographic name entry element | Web sites |
| General subdivision | Design. |
No items available.
